|
|
|
|
| LEADER |
00000nam0a2200000 4500 |
| 001 |
191931 |
| 005 |
20231101224402.0 |
| 010 |
|
|
|a 5020033073
|
| 020 |
|
|
|a RU
|b 89-14052
|
| 035 |
|
|
|a (RuTPU)RU\TPU\book\209296
|
| 090 |
|
|
|a 191931
|
| 100 |
|
|
|a 20110215d1989 k y0rusy5003 ca
|
| 101 |
0 |
|
|a rus
|
| 102 |
|
|
|a RU
|
| 105 |
|
|
|a a z 001zy
|
| 200 |
1 |
|
|a Карст Дальнего Востока
|f Ю. И. Берсенев
|g Академия наук СССР (АН СССР), Дальневосточное отделение (ДВО), Тихоокеанский институт географии; под ред. Н. А. Гвоздецкого
|
| 210 |
|
|
|a Москва
|c Наука
|d 1989
|
| 215 |
|
|
|a 173 с.
|c ил.
|
| 320 |
|
|
|a Библиогр.: с. 159-165.
|
| 606 |
1 |
|
|a Карстовые явления
|2 stltpush
|3 (RuTPU)RU\TPU\subj\39362
|9 59476
|
| 610 |
1 |
|
|a Дальний Восток
|
| 610 |
1 |
|
|a карст
|
| 610 |
1 |
|
|a карстующие породы
|
| 610 |
1 |
|
|a распространение
|
| 610 |
1 |
|
|a развитие
|
| 610 |
1 |
|
|a характеристика
|
| 610 |
1 |
|
|a типология
|
| 610 |
1 |
|
|a народнохозяйственное значение
|
| 675 |
|
|
|a 551.44
|v 3
|
| 700 |
|
1 |
|a Берсенев
|b Ю. И.
|g Юрий Игоревич
|4 070
|
| 702 |
|
1 |
|a Гвоздецкий
|b Н. А.
|4 340
|
| 712 |
0 |
2 |
|a Академия наук СССР (АН СССР)
|b Дальневосточное отделение (ДВО)
|b Тихоокеанский институт географии
|c Владивосток
|2 stltpush
|3 (RuTPU)RU\TPU\col\13731
|
| 801 |
|
0 |
|a RU
|b RuMRKP
|c 19950417
|g psbo
|
| 801 |
|
1 |
|a RU
|b 63413507
|c 20110215
|
| 801 |
|
2 |
|a RU
|b 63413507
|c 20130607
|g RCR
|
| 942 |
|
|
|c BK
|